000
00261nam a2200097Ia 4500
001
1299357
005
20260417170343.0
008
260417s9999 xx 000 0 und d
245
0
_a
ERDEMLER-2 MİNNET DUYUYORUM
_c
Necla SAYDAM
260
_b
TİMAŞ ÇOCUK YAYINLARI
999
_c
1299357
_d
1299357